HUBUNGAN ANTARA KETANGKASAN PEMBELAJARAN DIGITAL DENGAN PRESTASI KERJA PEGAWAI PENDIDIKAN ANGKATAN TENTERA MALAYSIA

Bibliographic Details
Main Author: SAZALI BIN OTHMAN (Author)
Format: Book
Published: Serdang, Selangor : Universiti Putra Malaysia, 2023
Subjects:
LEADER 00995cam a2200241 i 4500
001 0000150644
005 20260128090000.0
008 260128 20232023my
040 |a KPM  |b eng  |c KPM  |e rda 
090 0 0 |b SAZ  |c f  |d TH  |e 2023 
100 1 |a SAZALI BIN OTHMAN  |e author 
245 1 0 |a HUBUNGAN ANTARA KETANGKASAN PEMBELAJARAN DIGITAL DENGAN PRESTASI KERJA PEGAWAI PENDIDIKAN ANGKATAN TENTERA MALAYSIA  |c SAZALI BIN OTHMAN 
264 1 |a Serdang, Selangor :  |b Universiti Putra Malaysia,  |c 2023 
300 |a ix, 87 pages :  |b colour illustrations ;  |c 30 cm 
336 |a text  |2 rdacontent 
337 |a unmediated  |2 rdamedia 
338 |a volume  |2 rdacarrier 
504 |a Includes bibliographical references 
650 1 0 |a Dissertation Academic  |z Malaysia 
650 1 0 |a Thesis 
852 1 |a 01 
999 |a TH0026947  |b KEMENTAH  |d THESIS  |e Thesis  |f Perpustakaan KEMENTAH  |j FINAL PROCESSING  |p 1  |q GOOD CONDITION 
999 |a TH0026948  |b KEMENTAH  |d THESIS  |e Thesis  |f Perpustakaan KEMENTAH  |j FINAL PROCESSING  |p 1  |q GOOD CONDITION